KAFİ (Record no. 754537)

MARC details
000 -LEADER
sabit uzunluktaki kontrol alanı 00234nam a2200097Ia 4500
001 - KONTROL NUMARASI
kontrol alanı 754537
005 - EN SON İŞLEMİN TARİH VE ZAMANI
kontrol alanı 20250826164742.0
008 - SABİT-UZUNLUKTA VERİ ÖĞELERİ--GENEL BİLGİ
sabit uzunluktaki kontrol alanı 250824s9999 xx 000 0 und d
245 #0 - ESER / YAZAR
ESER ADI KAFİ
Yazar Adı BİLAL CİVELEK
260 ## - YAYIN, DAĞITIM, VB.
YAYIN EVİ YEDİVEREN YAYINLARI
Holdings
Düşüm durumu Kayıp durumu Hasar Durumu Ödünç verilmez Ana kütüphane Geçerli Kütüphane Edinilen tarih Toplam ödünç verme sayısı Barkod Son görüntüleme tarihi Fiyatın geçerli olmaya başladığı tarih Koha materyal türü
        NENE HATUN İMAM HATİP ORTAOKULU NENE HATUN İMAM HATİP ORTAOKULU 24.08.2025   10252603 26.08.2025 26.08.2025 Books